00742nam a22002177a 450000500170000001000140001702000230003103500130005403700130006708200110008010000240009124500580011526000490017327000610022230000220028365000250030565000160033094200250034699900170037195201360038820100809151259.0 aENG-99119 a8181500806c290.00 aEN-82651 bDBAD/PUB a954.96 aKapoor, B. L.99479 aNepal :ban historical perspective /cby B. L. Kapoor aNew DelhibAravali Book International c2008 aW-30, Okhla Industrial Area, Phase-IIbNew Delhie110020 a112p.c22cm (pbk) aKings & Rulers99480 zNepal99481 2ddccENh954.96mKAP c40399d40399 001040718NFICaDBADbDBADd2010-08-09eDBAD/PUBg290.00l0o954.96 KAPpEN-82651r2010-08-09 00:00:00t1v290.00w2010-08-09yEN